Loading...
History - American History | 2 | 1 | 0 | 0 | 40 | 30 | 56.67 | 0 | 3 |
Arts - Music | 0 | 2 | 0 | 1 | 20 | 115 | 122.00 | 0 | 0 |
Other - Geo/CE | 1 | 1 | 1 | 0 | 20 | 70 | 71.00 | 2 | 2 |
Arts - Painting | 0 | 2 | 0 | 0 | 20 | 125 | 125.50 | 1 | 1 |
Literature - Euro Lit | 0 | 2 | 0 | 0 | 20 | 85 | 100.50 | 0 | 1 |
Science - Biology | 0 | 2 | 1 | 0 | 15 | 87 | 89.00 | 0 | 1 |
Other - Pop Culture | 1 | 0 | 0 | 0 | 15 | 37 | 37.00 | 1 | 1 |
Literature - World Lit | 0 | 1 | 0 | 1 | 10 | 133 | 133.00 | 0 | 0 |
History - Euro History | 0 | 1 | 0 | 1 | 10 | 116 | 116.00 | 0 | 1 |
Beliefs - Religion | 0 | 1 | 0 | 0 | 10 | 76 | 76.00 | 0 | 0 |
History - World History | 0 | 1 | 0 | 1 | 10 | 135 | 135.00 | 0 | 0 |
Arts - Other Arts | 0 | 1 | 0 | 0 | 10 | 147 | 147.00 | 0 | 0 |
Arts - Music | 0 | 1 | 0 | 0 | 10 | 140 | 140.00 | 0 | 0 |
Literature - British Lit | 0 | 0 | 0 | 0 | 0 | 0.00 | 0 | 0 |